000 00788nam a22002295i 4500
001 154359
003 ES-MaACL
005 20230906205707.0
008 021202s1860 fr |||| | fre d
040 _aEUS
_bspa
_cEUS
100 1 _aGoethe, Johann Wolfgang von,
_d1749-1832
_957568
245 1 0 _aPoëmes et romans de Goethe /
_ctraduction nouvelle par Jacques Porchat.
260 _aParis :
_blibrairie de L. Hachette et C\pie\s,
_c1860 (
_fimprimerie de Ch. Lahure et C\pie\s)
300 _a585 p. ;
_c23 cm.
490 1 _aOeuvres de Goethe ;
_v5
700 0 1 _aPorchat, Jacques,
_d1800-1864
_993119
752 _aFrancia -
_dParís
830 0 _aOeuvres de Goethe ;
_v5
_9187881
852 _aES-MaACL
_jB-1271
_z-- Enc. hol.
942 _2udc
999 _c154359
_d154359